Sports en image par lettre - P - Statistiques

Statistiques générales
  • Ce quiz a été pris 146 fois
  • Le résultat moyen est 13 sur 16
Statistiques - réponses
Par images Réponse % Correct
Pétanque
100%
Pêche
98%
Patinage artistique
96%
Paintball
94%
Plongée
91%
Plongeon
89%
Paddle
84%
Padel
84%
Pôle dance
84%
Parachutisme
79%
Polo
75%
Parapente
74%
Parkour
68%
Pilates
61%
Planche à voile
56%
Pelote basque
47%
Aucun quiz correspondant
Distribution des résultats
% des personnes avec chaque résultat
Percentile par nombre de réponses
Votre historique - résultats
Vous n’avez pas pris ce quiz